The Glass giant of palomar (Record no. 3857)

MARC details
000 -LEADER
fixed length control field 00524nam a2200193Ia 4500
003 - CONTROL NUMBER IDENTIFIER
control field IN-BaIIA
008 - FIXED-LENGTH DATA ELEMENTS--GENERAL INFORMATION
fixed length control field 211028s9999 xx 000 0 eng d
020 ## - INTERNATIONAL STANDARD BOOK NUMBER
International Standard Book Number 0-396-01919-6
040 ## - CATALOGING SOURCE
Transcribing agency IIA Library
080 ## - UNIVERSAL DECIMAL CLASSIFICATION NUMBER
Universal Decimal Classification number 520.2
Item number WOO
100 ## - MAIN ENTRY--PERSONAL NAME
Personal name Woodbury, David O
9 (RLIN) 2015
245 #4 - TITLE STATEMENT
Title The Glass giant of palomar
Statement of responsibility, etc. David O. Woodbury
250 ## - EDITION STATEMENT
Edition statement Rev. ed.
260 ## - PUBLICATION, DISTRIBUTION, ETC.
Place of publication, distribution, etc. New York
Name of publisher, distributor, etc. Dodd Mead
Date of publication, distribution, etc. 1970
300 ## - PHYSICAL DESCRIPTION
Extent x, 390p.
650 ## - SUBJECT ADDED ENTRY--TOPICAL TERM
Topical term or geographic name entry element Astronomical telescopes
9 (RLIN) 2016
650 ## - SUBJECT ADDED ENTRY--TOPICAL TERM
Topical term or geographic name entry element Astronomy and astrophysics thesaurus
942 ## - ADDED ENTRY ELEMENTS (KOHA)
Koha item type Books
Holdings
Withdrawn status Lost status Damaged status Not for loan Home library Current library Shelving location Date acquired Cost, normal purchase price Total Checkouts Full call number Barcode Date last seen Cost, replacement price Price effective from Koha item type Purchase Price
        IIA Library-Bangalore IIA Library-Bangalore General Stacks 18/12/1971 54.00   520.2/ WOO 4308 05/11/2021 54.00 18/12/1971 Books Rs. 54.00

Powered by Koha